000 01346nam a22003017a 4500
005 20240530110524.0
008 160224s2007 ua g b 000 0dara d
017 _a2007/4454
_bمصر . دار الكتب المصرية
020 _a9774372174
040 _aEG-CaGPL
082 0 4 _221
_a950.2\
_bج م
100 0 _aجريجوريوس ابو الفرج ابن العبرى
245 1 0 _aمخطوطة تاريخ الازمنة /
_cتاليف جريجوريوس ابو الفرج ابن العبرى ؛ ترجمة و دراسة و تقديم شادية توفيق حافظ ؛ مراجعة السباعى محمد السباعى
250 _aط1
260 _aالقاهرة :
_bالمركز القومى للترجمة ،
_c2007 .
300 _a339 ص ؛
_c24 سم .
490 _aالمشروع القومى للترجمة ؛
_v1153
504 _aيشتمل على ارجاعات ببليوجرافية
600 0 4 _aجنكيزخان
600 0 4 _aتيمورخان
650 0 4 _aالمغول و التتار
650 0 4 _aالمخطوطات
_xتاريخ
650 0 4 _aالدولة الخوارزمية
_xالتتار
700 0 _aشادية توفيق حافظ
_eمترجم ومقدم
700 0 _aالسباعى محمد السباعى
_eمراجع
942 _2ddc
_cBK
999 _c61954
_d61954